000 00821nam a2200313 a 4500
003 AR-BaBNM
005 20251128205129.0
008 082120s2002 ||||||||||||||000 | spa||
020 _a950-23-0124-2
040 _cAR-BaBNM
100 1 _aChaunu, Pierre
245 0 0 _aHistoria de América Latina
250 _a15ª ed.
260 _aBuenos Aires
_bEudeba
_c1996
300 _a132 p.
_bmapas
490 0 _aAmérica
504 _aContiene bibliografía
650 4 _aHISTORIA LATINOAMERICANA
650 4 _aHISTORIA POLITICA
650 4 _aHISTORIA ECONOMICA
650 4 _aHISTORIA SOCIAL
650 4 _aGUERRAS DE LA INDEPENDENCIA
650 4 _aPERIODO HISPANICO
650 4 _aIMPERIALISMO
651 4 _aEstados Unidos
700 1 _aMonjardín, Federico
_etraductor
942 _cBK
998 _cEnrique
999 _c10112
_d10112